000
00292nam a22001337a 4500
008
170316b xxu||||| |||| 00| 0 eng d
020
_a
9780781730198
041
_a
eng
080
_2
2ND
_a
616.8
100
_a
7
101
_a
SHM
245
_a
PRACTICAL NEUROLOGY
_c
BILLER, J
942
_2
udc
_c
BK
999
_c
8034
_d
8034